MDQL
is popping MORE tags! Check the
thread
!
Quizzes
Events
Quiz Creation
Community
Videos
Private Events
Remove Ads
Sign In
Join for FREE
Feedback
Dark Mode
Quiz Categories
Sports
Geography
Music
Movies
Television
Just For Fun
Miscellaneous
History
Literature
Language
Science
Gaming
Entertainment
Religion
Holiday
For Kids
Quiz Lab
Recent
Popular Today
Quiz Kudos Today
Editor Picks
Curator Picks
Quizzes by...
Day
Popularity
Type
Ratings
Length
Year
Community
Subscriptions
Recent Discussions
Orange Saloon
Badges
Playlists
Quests
Create
Leaderboards
Showdown
Live 5
Trivia Bingo
Activity
Puzzle Library
Sporcle Events
Private Events
Virtual Trivia
Globe League
Become a Host
Pub Owners
SporcleCon
Opinionation
Our Games
Videos
Blog
Mobile Apps
Partnerships
Remove Ads and Go Orange
Feedback
Sports
Athletes
MLB
NBA
NHL
NFL
Soccer
Sports Teams
WWE
NCAA
Football
Premier League
Basketball
Baseball
Hockey
Golf
Tennis
Cricket
Rugby
Auto Racing
Olympics
World Cup
Sports
Athletes
MLB
NBA
NHL
NFL
Soccer
Sports Teams
WWE
NCAA
Football
Premier League
Basketball
Baseball
Hockey
Golf
Tennis
Cricket
Rugby
Auto Racing
Olympics
World Cup
Random Quiz
Search Sporcle
×
Quiz Lab
Quiz Lab
Sports
team
Type in answers that appear in a list
Type in answers that appear in a list
Classic
Best Score? Go Orange.
2011 ESPN Big 4 Ultimate Team Rankings Stats
Can you name the ESPN Big 4 Ultimate Team Rankings?
By
dbirch4
10m
122 Questions
80 Plays
80 Plays
80 Plays
Comments
Comments
Give Quiz Kudos
Give Quiz Kudos
-
- Ratings
hide this ad
More Info
Forced Order
Answers have to be entered in order
Answers have to be entered in order
Replay
Link that replays current quiz
Next Quiz
Link to next quiz in quiz playlist
You Got
0%
They Got
Avg Score
63%
Avg Friend Score
Upgrade to see
Score Distribution
Jump to the score distribution portion of the page
Score
0/122
Timer
10:00
0
Plays Today
Rank
Team
% Correct
1
Green Bay Packers
92.5%
15
Cincinnati Reds
82.5%
32
San Francisco Giants
78.8%
81
New York Giants
78.8%
115
Winnipeg Jets
78.8%
3
New Orleans Saints
77.5%
75
New York Yankees
77.5%
76
New York Jets
77.5%
38
New England Patriots
76.3%
102
Dallas Cowboys
76.3%
56
Los Angeles Lakers
75%
121
Washington Redskins
75%
7
Pittsburgh Steelers
73.8%
12
Texas Rangers
73.8%
34
St. Louis Cardinals
73.8%
71
Arizona Cardinals
73.8%
85
New York Rangers
73.8%
40
Boston Celtics
72.5%
69
Miami Marlins
72.5%
5
San Antonio Spurs
71.3%
6
Oklahoma City Thunder
71.3%
90
San Francisco 49ers
71.3%
105
Los Angeles Clippers
71.3%
112
Chicago Cubs
71.3%
4
Los Angeles Angels
70%
10
Pittsburgh Penguins
70%
19
Atlanta Braves
70%
24
Philadelphia Phillies
70%
45
Jacksonville Jaguars
70%
51
Philadelphia Eagles
70%
55
Los Angeles Kings
70%
67
Baltimore Orioles
70%
72
Boston Bruins
70%
94
Detroit Lions
70%
99
Los Angeles Dodgers
70%
117
New York Mets
70%
119
Sacramento Kings
70%
14
Indianapolis Colts
68.8%
25
Tampa Bay Rays
68.8%
29
Dallas Mavericks
68.8%
58
Philadelphia 76ers
68.8%
Rank
Team
% Correct
78
Washington Nationals
68.8%
97
Carolina Panthers
68.8%
106
Minnesota Vikings
68.8%
108
Seattle Mariners
68.8%
111
Florida Panthers
68.8%
114
New York Islanders
68.8%
70
Pittsburgh Pirates
67.5%
74
Chicago Bears
67.5%
77
Houston Texans
67.5%
103
Atlanta Hawks
67.5%
8
Colorado Rockies
66.3%
20
Atlanta Falcons
66.3%
26
Chicago Bulls
66.3%
30
Milwaukee Brewers
66.3%
54
San Diego Padres
66.3%
101
Miami Dolphins
66.3%
122
Cincinnati Bengals
66.3%
33
Arizona Diamondbacks
65%
37
Houston Rockets
65%
41
Philadelphia Flyers
65%
44
Miami Heat
65%
91
Cleveland Browns
65%
109
New York Knicks
65%
2
Tampa Bay Lightning
63.8%
16
Orlando Magic
63.8%
42
Denver Nuggets
63.8%
47
Kansas City Chiefs
63.8%
98
Tennessee Titans
63.8%
21
Baltimore Ravens
62.5%
48
Indiana Pacers
62.5%
50
New Jersey Devils
62.5%
61
Seattle Seahawks
62.5%
66
Charlotte Bobcats
62.5%
86
Denver Broncos
62.5%
89
Golden State Warriors
62.5%
107
Buffalo Bills
62.5%
52
Detroit Tigers
61.3%
60
Kansas City Royals
61.3%
68
Montreal Canadiens
61.3%
84
Oakland Athletics
61.3%
93
Milwaukee Bucks
61.3%
Rank
Team
% Correct
9
Memphis Grizzlies
60%
35
New Orleans Hornets
60%
39
Minnesota Twins
60%
43
Vancouver Canucks
60%
83
St. Louis Rams
60%
96
San Diego Chargers
60%
100
Brooklyn Nets
60%
116
Toronto Raptors
60%
27
Washington Capitals
58.8%
59
Tampa Bay Buccaneers
58.8%
88
Houston Astros
58.8%
104
Oakland Raiders
58.8%
110
Washington Wizards
58.8%
53
Cleveland Indians
57.5%
62
Utah Jazz
57.5%
80
Phoenix Suns
57.5%
36
Chicago Blackhawks
56.3%
113
Detroit Pistons
56.3%
28
Phoenix Coyotes
55%
95
Edmonton Oilers
55%
118
Minnesota Timberwolves
55%
49
St. Louis Blues
53.8%
18
Nashville Predators
52.5%
82
Ottawa Senators
52.5%
92
Minnesota Wild
52.5%
13
San Jose Sharks
51.3%
65
Cleveland Cavaliers
51.3%
11
Buffalo Sabres
50%
46
Dallas Stars
50%
73
Calgary Flames
50%
79
Boston Red Sox
50%
57
Chicago White Sox
48.8%
64
Colorado Avalanche
48.8%
22
Carolina Hurricanes
47.5%
23
Anaheim Ducks
47.5%
31
Portland Trail Blazers
45%
17
Detroit Red Wings
42.5%
120
Toronto Maple Leafs
42.5%
63
Toronto Blue Jays
41.3%
87
Columbus Blue Jackets
35%
Quiz Playlist
Details
Report
Send in Message
Add To Playlist
More Info:
rankings based on 8 categories: bang for the buck, fan relations, ownership, affordability, stadium experience, players, coaching, title track
Classic:
Type in answers that appear in a list
Forced Order:
Answers have to be entered in order
Quiz Source
Last Updated: Feb 16, 2017
Quiz Scoreboard
CHALLENGE
Sign Up to Join the Scoreboard
Show All
Scores
Hide
Comments
May contain spoilers
Recently Published
Colored Red Africa Blitz
by spor1
Geography
30s
Find the 'City' Movie
by crazypaving
Movies
60s
5x2 Blitz: Bands
by SL_Kpop136
Music
30s
More to Explore
Quiz From the Vault
Featured Blog Post
14 Easter Pick-up Lines to Find Eggs With
hide this ad
You Might Also Like...
Tags
2011
Banking
ESPN
League
team
ultimate
Today's Top Quizzes in Sports
Browse Sports
hide this ad
Today's Top Quizzes in team
Browse team
Top Contributed Quizzes in Sports
1
Les entraîneurs de l'OM et du PSG au 21e siècle
2
Les meilleurs buteurs des matchs entre le PSG et l’OM
3
Les joueurs passés par le PSG et l'OM
4
Players with Multiple 50 Home Run Seasons
5
2022 World Cup Stars
6
Criteria MLB: Left Handed Sluggers
7
NBA Logic Puzzle 2.0
8
MLB Players with Two .350 Batting Average Seasons
9
Top 10 NHL Goal Scorers of All Time
10
Les joueurs passés par le LOSC et le RC Lens
Explore More
Trending Topics
Disney
NBA
Anime
Kpop
Crossword
Harry Potter
Marvel
Country
Puzzle
The Office
Soccer
NFL
WWE
Pokémon
Song
hide this ad
More By:
dbirch4
Quiz
Plays
Rating
Category
Featured
Created
Premier League Top 4 and Bottom 3 Since 2000
884
3.13
Sports
May 16, 2012
March Madness Schools Since 2000
274
2.40
Sports
Dec 28, 2012
MLB Playoff Teams Since 2000
210
1.33
Sports
May 14, 2012
Unsponsored Big 4 Arenas and Stadiums
173
1.00
Sports
Jul 2, 2012
2012 ESPN Big 4 Ultimate Team Rankings
96
1.00
Sports
Dec 11, 2012
Go to Creator's Profile
Score Distribution
Quiz Creator Spotlight
dbirch4
Follow
Send a Message
Quizzes Created
-
Created Quiz Play Count
-
More By This Creator
Popular Quizzes Today
1
Colored Red Africa Blitz
2
Find the 'City' Movie
3
5x2 Blitz: Bands
4
Find the US States - No Outlines Minefield
5
The Countries of the World
6
Find the US States
7
US States
8
Find the Countries of Europe - No Outlines Minefield
More Sports Quizzes
Never A Premier League Hattrick
Curator's Pick
Trending Quizzes
Colored Red Europe Blitz I
Colored Red Europe Blitz II
Colored Red Africa Blitz II
Colored Red Europe Blitz III
Colored Red Africa Blitz III
Recently Updated
How Do You Spell That?
pecheneg
Godzilla Movies
pecheneg
Grab Bag: 4-10 Letters
pecheneg
2024 March Madness Bracket
pecheneg
Famous TV Couples
Peacemaker
Champions League XIs: Real Madrid
pecheneg
Largest US Cities 1790-2010
pecheneg
Rides in Walt Disney World
pecheneg
Most Oscar Losses (Acting)
pecheneg
Beyoncé Albums
pecheneg
Trending Topics
Kpop
Harry Potter
Crossword
Marvel
Anime
Disney
NBA
Country
WWE
The Office
Song
Puzzle
Soccer
NFL
Pokémon
Your Account Isn't Verified!
In order to create a playlist on Sporcle, you need to verify the email address you used during registration. Go to your
Sporcle Settings
to finish the process.
Report this User
Report this user for behavior that violates our
Community Guidelines
.
Details:
Send Report
Go to the Sporcle.com Mobile Site →
Comments